Loga Reprezentacji Piłki Nożnej - Statystyki

Ogólne statystyki
  • Ten quiz został rozwiązany 171 razy
  • Średni wynik to 16 z 19
Statystyki odpowiedzi
Obrazkowy Odpowiedź % Poprawnych
Niemcy
99%
Turcja
98%
Włochy
98%
Belgia
95%
Portugalia
93%
Szwecja
93%
Anglia
91%
Grecja
91%
Brazylia
90%
Hiszpania
90%
Rosja
89%
Francja
86%
Holandia
84%
Peru
83%
Australia
80%
Stany Zjednoczone
78%
Urugwaj
69%
Ekwador
51%
Wietnam
29%
Nie znaleziono quizów pasujących do podanych kryteriów
Rozkład punktacji
Procent ludzi z każdym wynikiem
Percentyl według liczby udzielonych odpowiedzi
Twoja historia wyników
Nie rozwiązałeś tego quizu